Reinterpretación de los sofistas: los primeros educadores innovadores de occidente
Guardat en:
| Autor principal: | |
|---|---|
| Format: | Llibre |
| Idioma: | espanyol |
| Publicat: |
Santiago
Universidad Educares
1996
|
| Col·lecció: | Serie Investigaciones, 7
|
| Matèries: | |
| Etiquetes: |
Afegir etiqueta
Sense etiquetes, Sigues el primer a etiquetar aquest registre!
|
MARC
| LEADER | 00000nam a2200000 a 4500 | ||
|---|---|---|---|
| 001 | UCL2933 | ||
| 003 | CL-VaPUC | ||
| 008 | 031107e19960000CL |||||||||||||||||spa|d | ||
| 082 | 0 | 4 | |a 183.1 |b LOP |2 21 |
| 100 | |a López Pérez, Ricardo |e autor |9 569668 | ||
| 245 | 1 | 0 | |a Reinterpretación de los sofistas: los primeros educadores innovadores de occidente |
| 300 | |a 63 p | ||
| 942 | |c BK | ||
| 945 | |d 20031107 00:00:00 |a cmena | ||
| 260 | |a Santiago |b Universidad Educares |c 1996 | ||
| 650 | 7 | |a SOFISMO |2 CL-VaPUC |9 335226 | |
| 650 | 7 | |a FILOSOFIA SOFISTA |2 CL-VaPUC |9 420859 | |
| 650 | 0 | |a Filosofía de la educación |9 258384 | |
| 583 | |a last modification |c 20031107 00:00:00 |k Rodrigo Vera | ||
| 490 | 0 | |a Serie Investigaciones, 7 | |
| 999 | |c 306098 |d 306096 | ||
| 952 | |0 0 |1 0 |4 0 |6 183_100000000000000_LOP_1996 |7 0 |8 A |9 370816 |a BIBEDU |b BIBEDU |d 2019-11-21 |i 3950190 |l 2 |o 183.1 LOP 1996 |p 3950190 |r 2021-11-29 |s 2020-10-07 |w 2019-11-21 |y BK |k BME | ||